LEADER 00834naa a2200229 u 4500 001 000000096720 003 CaOOAMICUS 005 20070226130147.0 008 041124s1999 it u000 u ita u 020 $a88-8334-003-5 035 $a11016476 040 $aIAR$bita 100 1 $aModica, Marilena.$0(OLS)http://pul/name/35306 245 13$aIl miracolo come oggetto di indagine storica /$cMarilena Modica. 260 $aRoma :$bViella,$c1999. 300 $aS. 17-28 ;$c21 cm 773 0 $aMiracoli : Dai segni alla storia. 773 0 $tSacro/Santo$gNuova serie 1. 773 0 $tMiracoli : dai segni alla storia$w()48643 996 $6020$a88-8334-003-5$9(OLS)http://pul/number/61247 996 $6245$aIl miracolo come oggetto di indagine storica$9(OLS)http://pul/title/123602 996 $6260$aRoma :$bViella$9(OLS)http://pul/publisher/54599 LEADER 01242nam a2200301 u 4500 001 000000046702 003 CaOOAMICUS 005 20070226114813.0 008 990716s1993 it u000 u ita u 020 $a8810502094 035 $a10830019 040 $aPUL(R)$bita 100 1 $aBiagi, Lorenzo,$d1958-$0(OLS)http://pul/name/34001 245 13$aLa pena di vivere :$bil problema morale nel suicidio /$cLorenzo Biagi. 260 $a[Bologna] :$bEdizioni Dehoniane,$c[1993] 300 $a278 p. ;$c20 cm 490 1 $aTemi etici nella storia 504 $aBibliografia a pič pagina. 650 4$aSuicidio$xAspetti morali ed etici.$0(OLS)http://pul/subject/17987 650 4$aTeologia morale.$0(OLS)http://pul/subject/1500 830 0$aTemi etici nella storia.$0(OLS)http://pul/title/52418 850 $aPUL 852 $aPUL$W1$xSL Religione 1$y3$m39 C 20$j62536$nBK-PRI$b $qStampati$B62536$CPULBib$Z2$F62536 $H $81 941 1 $a8 961 $aINV: 70521 996 $6020$a8810502094$9(OLS)http://pul/number/58232 996 $6245$aLa pena di vivere :$bil problema morale nel suicidio$9(OLS)http://pul/title/62876 996 $6260$a[Bologna] :$bEdizioni Dehoniane$9(OLS)http://pul/publisher/66554